000 00721cam a22002653a 4500
001 23799
003 PGUSA
005 20140828083516.0
008 071210s2007||||xxu|||||s|||||000 1 eng d
040 _aPGUSA
_beng
042 _adc
050 4 _aPS
100 1 _aGodwin, Tom,
_d1915-1980
245 1 0 _aCry from a Far Planet
_h[electronic resource] /
_cTom Godwin
260 _bProject Gutenberg,
_c2007
506 _aPublic domain in the USA.
516 _aElectronic text
653 _aScience fiction
653 _aHuman-alien encounters -- Fiction
653 _aShort stories
700 1 _aMartinez
830 0 _aProject Gutenberg
_v23799
856 4 0 _uhttp://www.gutenberg.org/ebooks/23799
942 _cEB
999 _c253054
_d253054